| 000 | 00520nam a22002057a 4500 | ||
|---|---|---|---|
| 003 | OSt | ||
| 005 | 20160818152626.0 | ||
| 008 | 160818b xxu||||| |||| 00| 0 eng d | ||
| 020 | _a0727907689 | ||
| 040 | _c040a | ||
| 082 |
_aWB 100 _bV23a 1993 |
||
| 100 |
_aValman, H B _910795 |
||
| 245 |
_aABC of one to seven / _cH B Valman |
||
| 250 | _a3rd.ed | ||
| 260 |
_aLondon _bBMJ Publishing group _c1993 |
||
| 300 |
_a144p; _bill : _c30 cm. |
||
| 504 | _aIncludes index | ||
| 650 |
_aChildhood _910796 |
||
| 942 |
_2z _cO_SHELF |
||
| 999 |
_c5040 _d5040 |
||